000 00493cam a22002054a 4500
005 20250605164326.0
008 250528s ||||||||||||||||||||||||d
035 _a23033
020 _a9780748740833
040 _aGR-AtMCL
_bgre
_dGR-AtMCL
_eAACR2
245 1 _aTHE SCIENCE AND ENGINEERING OF MATERIALS
250 _a3
260 _c1998
300 _a854
700 1 _aAskeland Donald R.
_98159
700 1 _aNelson Thornes
_9429
942 _cBK
999 _c8074
_d8074